Kelet mágusai: Tibet misztikája és csodái
Elmentve itt :
| Szerző: | |
|---|---|
| További közreműködők: | |
| Adatforrás: | Philobibl |
| Dokumentumtípus: | Könyv |
| Nyelv: | magyar |
| Kulcsszavak: | keleti filozófiák misztika |
| Megjelent: |
Bp.
Kuk
1993
|
| Kiadás: | 2. kiad. |
| LEADER | 00499nam a2200169 c 4500 | ||
|---|---|---|---|
| 001 | bibDOK00000296 | ||
| 005 | 20200924115648.2 | ||
| 008 | 060518s1993 hu hun | ||
| 100 | 1 | |a Cannon, Alexander | |
| 245 | 1 | 0 | |a Kelet mágusai: Tibet misztikája és csodái |c Cannon, Alexander ; [ford., előszó Balogh Barna] |
| 250 | |a 2. kiad. | ||
| 260 | |a Bp. |b Kuk |c 1993 | ||
| 300 | |a 202 p. | ||
| 500 | |a 1. kiad. 1990-ben Viktória K. | ||
| 695 | |a keleti filozófiák | ||
| 695 | |a misztika | ||
| 700 | 1 | |a Balogh Barna | |